000 00345nam a2200145 a 4500
008 990427s1969||||xx 0 und c
020 _a621
_c20
040 _aSNK
_bslo
_cSNK
_eAACR2
100 1 _aDumas, Alexander
245 1 0 _aParížski mohykáni
260 _aBratislava
_bSmena
_c1969
300 _a341 s.
044 _axo
_cSK
041 _aslo
999 _c10352
_d10352